000 00666nam a2200241Ia 4500
003 OSt
005 20220918183925.0
006 a|||||r|||| 00| 0
007 ta
008 220917b |||||||| |||| 00| 0 eng d
024 _a42,429
037 _cTextual
040 _aARTS
_cARTS
_beng
041 _2eng
_aeng
082 _aO1511:1F0:1, J3 (Q4)
100 _aBuddhappiya
_963923
245 0 _aPajjamadhu
_b a panegyric on the Buddha ed by D G Koparkar
260 _c1953
490 _aAhmednagar College Publication
650 _aENGLISH LITERATURE
942 _hO1511:1F0:1, J3 (Q4)
_cTEXL
_2CC
999 _c174313
_d174313